000 00595nam a2200241Ia 4500
003 OSt
005 20220924145830.0
006 a|||||r|||| 00| 0
007 ta
008 220923b |||||||| |||| 00| 0 tel d
020 _c2.50
024 _a330513
037 _cTextual
040 _aARTS
_cARTS
_btel
041 _2tel
_atel
082 _aO152,3M80,11, 35G1
100 _aPremchand
_964091
245 0 _aVrajavani
260 _c1931
650 _aHINDI LITERATURE
_923866
942 _hO152,3M80,11, 35G1
_cTEXL
_2CC
999 _c461332
_d461332